|
|
|
|
| LEADER |
00000nam0a2200000 4500 |
| 001 |
137195 |
| 005 |
20231031140946.0 |
| 010 |
|
|
|a 9785983581548
|
| 035 |
|
|
|a (RuTPU)RU\TPU\book\148687
|
| 090 |
|
|
|a 137195
|
| 100 |
|
|
|a 20080507d2007 m y0rusy50 ca
|
| 101 |
1 |
|
|a rus
|c fre
|
| 102 |
|
|
|a RU
|
| 105 |
|
|
|a a z 000ay
|
| 200 |
1 |
|
|a 35 кило надежды
|e [роман]
|e пер. с фр.
|f А. Гавальда
|
| 210 |
|
|
|a Москва
|c Флюид
|d 2007
|
| 215 |
|
|
|a 120 с.
|c ил.
|
| 330 |
|
|
|a Анна Гавальда (р. 1970) - ярчайшая «звезда французской словесности», чей успех в ряде стран уже затмил пресловутый «Код да Винчи». Бе называют «литературным феноменом», «нежным Уэльбеком» и «новой Франсуазой Саган». Ее книги, покорившие миллионы читателей по всему миру, отмечены целым созвездием литературных премий, переводятся на десятки языков, по ним ставят спектакли и снимают фильмы. «35 кило надежды» - поэтичная притча о главном: о выборе жизненного пути, о силе любви и преданности. О семье. О том, что мечты могут и должны сбываться. Надо только очень сильно захотеть. И очень сильно постараться. Решая свои «детские» проблемы, тринадцатилетний герой ищет выход - и находит его, да так, что и взрослым есть чему у мальчишки ПОУЧИТЬСЯ.
|
| 610 |
1 |
|
|a французская литература
|
| 610 |
1 |
|
|a проза
|
| 610 |
1 |
|
|a романы
|
| 675 |
|
|
|a 84
|v 3
|
| 700 |
|
1 |
|a Гавальда
|b А.
|g Анна
|
| 801 |
|
1 |
|a RU
|b 63413507
|c 20080507
|g PSBO
|
| 801 |
|
2 |
|a RU
|b 63413507
|c 20080516
|g PSBO
|
| 942 |
|
|
|c BK
|